A manual of the theory and practice of classical theatrical dancing (methode Cecchetti) /

Bibliographic Details
Main Author: Beaumont, Cyril W. (Cyril William), 1891-1976
Other Authors: Idzikowski, Stanislas
Format: Book
Language:English
Published: New York : Dover Publications, 1975.
Subjects:

MARC

Tag First Indicator Second Indicator Subfields
LEADER 00000cam a2200000 i 4500
001 in00000087479
005 20151008064814.0
008 751111r19751922nyuaf b 00110 engm
010 |a  75017363  
020 |a 0486232239 :  |c $3.00 
035 |a (OCoLC)02304002 
035 |9 AAK4833AM 
040 |a DLC  |c DLC  |d m.c.  |d TXA  |d UtOrBLW 
049 |a TXAM  |c 1 [1164220], 2 [1502593] 
050 0 0 |a GV1783  |b .B4 1975 
082 0 |a 793.3/2 
100 1 |a Beaumont, Cyril W.  |q (Cyril William),  |d 1891-1976. 
245 1 2 |a A manual of the theory and practice of classical theatrical dancing (methode Cecchetti) /  |c by Cyril W. Beaumont and Stanislas Idzikowski ; with a pref. by Enrico Cecchetti ; and ill. by Randolph Schwabe. 
264 1 |a New York :  |b Dover Publications,  |c 1975. 
300 |a 201 pages, 22 unnumbered leaves of plates :  |b illustrations ;  |c 22 cm. 
336 |a text  |b txt  |2 rdacontent 
337 |a unmediated  |b n  |2 rdamedia 
338 |a volume  |b nc  |2 rdacarrier 
500 |a Reprint of the 1922 edition published in London. 
504 |a Includes bibliographical references and index. 
650 0 |a Modern dance. 
700 1 |a Idzikowski, Stanislas. 
999 |a MARS 
999 f f |s f4aff577-5b03-3352-8bc8-990cc22c8d55  |i 1acfffff-cb6b-3ac6-8cfd-f1243005a849  |t 0 
952 f f |p normal  |a Texas A&M University  |b College Station  |c Sterling C. Evans Library  |d Evans: Library Stacks  |t 0  |e GV1783 .B4 1975  |h Library of Congress classification  |i unmediated -- volume  |m A14806117569 
952 f f |p ric  |a Texas A&M University  |b Rellis Campus  |c Joint Library Facility  |d Remote Storage  |t 0  |e GV1783 .B4 1975  |h Library of Congress classification  |i unmediated -- volume  |m A14802493557 
998 f f |a GV1783 .B4 1975  |t 0  |l Evans: Library Stacks 
998 f f |a GV1783 .B4 1975  |t 0  |l Remote Storage